Statistics for ICAO Airport Codes Quiz

Click here to take the quiz!

General Stats

  • This quiz has been taken 619 times
  • The average score is 32 of 45

Answer Stats

ICAO CodeAnswer% Correct
KLAXLos Angeles International Airport
96%
KJFKJohn F. Kennedy International Airport
95%
EGLLHeathrow Airport
92%
KATLHartsfield–Jackson Atlanta International Airport
91%
KSEASeattle–Tacoma International Airport
90%
KMIAMiami International Airport
90%
KDENDenver International Airport
87%
KLASMcCarran International Airport
87%
KSFOSan Francisco International Airport
87%
EHAMAmsterdam Airport Schiphol
87%
CYYZToronto Pearson International Airport
86%
EDDFFrankfurt Airport
85%
LFPGParis Charles de Gaulle Airport
84%
EDDMMunich Airport
84%
KORDChicago O'Hare International Airport
84%
CYVRVancouver International Airport
82%
OMDBDubai International Airport
79%
LEMDAdolfo Suárez Madrid–Barajas Airport
76%
LSZHZürich Airport
75%
CYULMontréal–Pierre Elliott Trudeau International Airport
75%
LIRFFiumicino – Leonardo da Vinci International Airport
75%
VHHX (ex-VHHH)Hong Kong International Airport (Kai Tak)
73%
YSSYSydney Kingsford-Smith Airport
73%
VHHHHong Kong International Airport
73%
RJAANarita International Airport
70%
WSSSSingapore Changi Airport
68%
ESSAStockholm Arlanda Airport
66%
PHNLHonolulu International Airport
65%
UUDDDomodedovo International Airport
63%
ZBAABeijing Capital International Airport
61%
LGAVAthens International Airport "Eleftherios Venizelos"
60%
MMMXBenito Juárez International Airport
60%
PANCTed Stevens Anchorage International Airport
59%
LTBAIstanbul Atatürk Airport
57%
KMSPMinneapolis–Saint Paul International Airport
56%
ZSPDShanghai Pudong International Airport
56%
RKSIIncheon International Airport
54%
VTBSSuvarnabhumi Airport
50%
WMKKKuala Lumpur International Airport
47%
VABBChhatrapati Shivaji International Airport
46%
FAORO. R. Tambo International Airport
46%
WIIISoekarno–Hatta International Airport
45%
RPLLNinoy Aquino International Airport
44%
RCTPTaoyuan International Airport
44%
VIDPIndira Gandhi International Airport
41%

Score Distribution

Percentile by Number Answered

Percent of People with Each Score

Your Score History

You have not taken this quiz